[Event "AS04 & BSF"]
[Site "Copenhagen"]
[Date "1984.??.??"]
[Round "9"]
[White "Chernin, Alexander"]
[Black "Iskov, Gert"]
[Result "1/2-1/2"]
[WhiteElo "2475"]
[BlackElo "2360"]

1. c4 g6 2. Nc3 c5 3. g3 Bg7 4. Bg2 Nc6 5. e3 e6 6. Nge2 Nge7 7. O-O
O-O 8. d4 cxd4 9. Nxd4 d5 10. cxd5 Nxd4 11. exd4 Nxd5 12. Nxd5 1/2-1/2

[Event "AS04 & BSF"]
[Site "Copenhagen"]
[Date "1984.??.??"]
[Round "9"]
[White "Korzubov, Peter"]
[Black "Kristiansen, Jens"]
[Result "1/2-1/2"]
[WhiteElo "2460"]
[BlackElo "2445"]

1. d4 Nf6 2. c4 g6 3. Nc3 Bg7 4. e4 d6 5. Be2 O-O 6. Bg5 Nbd7 7. Qd2 e5
8. d5 Nc5 9. f3 h6 10. Be3 Nh5 11. g3 Kh7 12. O-O-O Qe8 13. Bxc5 dxc5
14. d6 cxd6 15. Qxd6 1/2-1/2